[Event "FRA-chT2 West 0607"]
[Site "France"]
[Date "2007.03.17"]
[Round "8.5"]
[White "Danet, Brieuc"]
[Black "Restout, Bruce"]
[Result "1-0"]
[WhiteElo "2091"]
[BlackElo "2016"]
[PlyCount "75"]
[EventDate "2006.10.15"]
[EventType "team"]
[EventRounds "11"]
[EventCountry "FRA"]
[SourceTitle "EXT 2008"]
[Source "ChessBase"]
[SourceDate "2007.11.25"]
[SourceVersion "1"]
[SourceVersionDate "2007.11.25"]
[SourceQuality "1"]
[WhiteTeam "Gif sur Yvette"]
[BlackTeam "Agneaux Saint Lo"]
[WhiteTeamCountry "FRA"]
[BlackTeamCountry "FRA"]

1. Nf3 Nf6 2. g3 b6 3. Bg2 Bb7 4. 0-0 g6 5. c4 Bg7 6. d4 0-0 7. Nc3 Ne4 8. Qc2 Nxc3 9. bxc3 c5 10. d5 e5 11. Bg5 Bf6 12. h4 d6 13. Bh3 Bxg5 14. hxg5 Bc8 15. Bxc8 Qxc8 16. Qe4 Nd7 17. Kg2 f5 18. gxf6 Nxf6 19. Qh4 Qg4 20. Qxg4 Nxg4 21. Ng5 Rae8 22. e4 Nf6 23. f3 Rb8 24. a4 Rb7 25. Rfb1 Rfb8 26. Rb2 Ne8 27. f4 a6 28. Rab1 Kg7 29. a5 b5 30. cxb5 axb5 31. fxe5 dxe5 32. Ne6+ Kg8 33. a6 Ra7 34. Rxb5 Rxb5 35. Rxb5 Nd6 36. Rb8+ Kf7 37. Nxc5 Rc7 38. Rb7 1-0

[Event "FRA-chT2 West 0607"]
[Site "France"]
[Date "2007.01.20"]
[Round "5.7"]
[White "Imbert, Christophe"]
[Black "Danet, Brieuc"]
[Result "0-1"]
[WhiteElo "2138"]
[BlackElo "2091"]
[PlyCount "98"]
[EventDate "2006.10.15"]
[EventType "team"]
[EventRounds "11"]
[EventCountry "FRA"]
[SourceTitle "EXT 2008"]
[Source "ChessBase"]
[SourceDate "2007.11.25"]
[SourceVersion "1"]
[SourceVersionDate "2007.11.25"]
[SourceQuality "1"]
[WhiteTeam "Le Vesinet"]
[BlackTeam "Gif sur Yvette"]
[WhiteTeamCountry "FRA"]
[BlackTeamCountry "FRA"]

1. e4 c5 2. Nf3 Nc6 3. d4 cxd4 4. Nxd4 Nf6 5. Nc3 d6 6. Bg5 e6 7. Qd2 Be7 8. 0-0-0 0-0 9. Kb1 Nxd4 10. Qxd4 Nxe4 11. Nxe4 Bxg5 12. Nxg5 Qxg5 13. f4 Qc5 14. Qxd6 Qxd6 15. Rxd6 b6 16. Rd2 Bb7 17. Bc4 Rac8 18. Bb3 Rfd8 19. Rhd1 Rxd2 20. Rxd2 Bc6 21. g3 Kf8 22. Bc4 Ke7 23. Bd3 h6 24. Re2 Kf6 25. b3 Rd8 26. Kb2 Bf3 27. Re5 Rd5 28. Rxd5 Bxd5 29. c4 Bc6 30. Kc3 e5 31. b4 g5 32. b5 Bb7 33. fxe5+ Kxe5 34. a4 f5 35. c5 bxc5 36. Kc4 Be4 37. a5 Bxd3+ 38. Kxd3 Kd6 39. Kc4 f4 40. gxf4 gxf4 41. Kd3 Kd5 42. b6 axb6 43. axb6 Kc6 44. Ke4 Kxb6 45. Kxf4 Kb5 46. h4 c4 47. Ke3 Kb4 48. Kd2 Kb3 49. Kc1 c3 0-1

[Event "FRA-chT2B 0506"]
[Site "France"]
[Date "2006.01.15"]
[Round "6.5"]
[White "Danet, Brieuc"]
[Black "Cohen, Aurelien"]
[Result "1/2-1/2"]
[WhiteElo "2095"]
[BlackElo "2194"]
[PlyCount "28"]
[EventDate "2005.10.27"]
[EventType "team-tourn"]
[EventRounds "11"]
[EventCountry "FRA"]
[SourceTitle "EXT 2006"]
[Source "ChessBase"]
[SourceDate "2005.11.24"]
[SourceVersion "1"]
[SourceVersionDate "2005.11.24"]
[SourceQuality "1"]
[WhiteTeam "Gif sur Yvette"]
[BlackTeam "Paris NAO II"]
[WhiteTeamCountry "FRA"]
[BlackTeamCountry "FRA"]

1. Nf3 c5 2. g3 Nc6 3. c4 e6 4. Bg2 Nf6 5. Nc3 Be7 6. d4 cxd4 7. Nxd4 0-0 8. 0-0 a6 9. e4 Qc7 10. b3 Nxd4 11. Qxd4 Bc5 12. Qd3 Ng4 13. Bb2 b6 14. Na4 Ne5 1/2-1/2

[Event "FRA-chT2B 0506"]
[Site "France"]
[Date "2006.01.14"]
[Round "5.5"]
[White "Lamorelle, Julien"]
[Black "Danet, Brieuc"]
[Result "1-0"]
[WhiteElo "2204"]
[BlackElo "2095"]
[PlyCount "50"]
[EventDate "2005.10.27"]
[EventType "team-tourn"]
[EventRounds "11"]
[EventCountry "FRA"]
[SourceTitle "EXT 2006"]
[Source "ChessBase"]
[SourceDate "2005.11.24"]
[SourceVersion "1"]
[SourceVersionDate "2005.11.24"]
[SourceQuality "1"]
[WhiteTeam "Lutece"]
[BlackTeam "Gif sur Yvette"]
[WhiteTeamCountry "FRA"]
[BlackTeamCountry "FRA"]

1. e4 c5 2. Nf3 Nc6 3. d4 cxd4 4. Nxd4 Nf6 5. Nc3 d6 6. Bg5 e6 7. Qd2 Be7 8. 0-0-0 0-0 9. Nb3 a6 10. Bxf6 Bxf6 11. Qxd6 Bxc3 12. bxc3 Qf6 13. Qg3 e5 14. Bc4 Be6 15. Bxe6 Qxe6 16. Rd5 Rfd8 17. Rhd1 Qe7 18. Kb2 b5 19. Qe3 Rab8 20. Qc5 Qxc5 21. Nxc5 Re8 22. Nxa6 Rb6 23. Nc7 Reb8 24. Rd6 Kf8 25. Nd5 Ra6 1-0

[Event "FRA-chT2B 0506"]
[Site "France"]
[Date "2006.01.13"]
[Round "7.5"]
[White "Danet, Brieuc"]
[Black "Gollain, Marc"]
[Result "0-1"]
[WhiteElo "2095"]
[BlackElo "2193"]
[PlyCount "128"]
[EventDate "2005.10.27"]
[EventType "team-tourn"]
[EventRounds "11"]
[EventCountry "FRA"]
[SourceTitle "EXT 2006"]
[Source "ChessBase"]
[SourceDate "2005.11.24"]
[SourceVersion "1"]
[SourceVersionDate "2005.11.24"]
[SourceQuality "1"]
[WhiteTeam "Gif sur Yvette"]
[BlackTeam "Bagneux"]
[WhiteTeamCountry "FRA"]
[BlackTeamCountry "FRA"]

1. Nf3 d5 2. g3 Bg4 3. Bg2 Nd7 4. d4 e6 5. 0-0 Bd6 6. c4 c6 7. Qb3 Rb8 8. Nc3 Ngf6 9. cxd5 exd5 10. e4 dxe4 11. Ng5 0-0 12. Ngxe4 Bc7 13. h3 Be6 14. Qc2 Nxe4 15. Nxe4 Bd5 16. Be3 Re8 17. Rfe1 h6 18. Rad1 Nb6 19. f4 Bxe4 20. Bxe4 Nd5 21. Bf2 Qd7 22. Bf5 Qd6 23. Qc5 Qf6 24. Be4 Bb6 25. Qc4 Rbd8 26. a3 h5 27. Bxd5 Rxe1+ 28. Rxe1 Rxd5 29. Re8+ Kh7 30. Re5 Qd6 31. Qe2 g6 32. Qe4 Bxd4 33. Bxd4 Rxd4 34. Rxh5+ Kg7 35. Qe5+ Qxe5 36. Rxe5 Rd2 37. b4 Rd3 38. Ra5 Rxg3+ 39. Kf2 Rxh3 40. Rxa7 b5 41. Ke2 Rc3 42. Kd2 Rc4 43. Ke3 Kf6 44. Rd7 Ke6 45. Rd3 f6 46. Rd8 Kf5 47. Rd6 Re4+ 48. Kd3 Re6 49. Rd4 g5 50. fxg5 fxg5 51. Rd8 g4 52. Rg8 Kf4 53. Rf8+ Kg3 54. Rg8 Kf3 55. Rf8+ Kg2 56. Rg8 g3 57. Kd2 Kf2 58. Rf8+ Kg1 59. Rg8 g2 60. Rh8 Re5 61. Rh6 Kf2 62. Rf6+ Kg3 63. Rg6+ Kf3 64. Rg8 Re4 0-1